000 00504nam a22001577a 4500
008 220713b |||||||| |||| 00| 0 eng d
020 _a0310270904
050 _aBS2651
_b.M66 2021
100 _aMoo, Douglas J.
245 _aA Theology of Paul and His Letters
_bthe Gift of the New Realm in Christ
_cDouglas J. Moo
260 _aNew York
_bZondervan, Academic
_c2021
300 _axxxii, 749p.
650 _aPaul, the Apostle saint
_vtheology
650 _aEpistles of paul
_vtheology
942 _2lcc
_cBK
999 _c19382
_d19381